000 00535nam a22001817a 4500
005 20251108171034.0
008 250721s1994 xx 000 0 ara d
082 1 4 _a615.82/كور
100 1 _aكورثو، جوزيف
_eتأليف
245 1 0 _aعلاج الآم الظهر /
264 1 _aبيروت :
_bالدار العربية للعلوم،
_c1994.
300 _a119ص
650 1 7 _aالصيدلية
650 1 7 _aعلم العقاقير والادوية
650 1 7 _aالتدليك
942 _2ddc
_cBK
999 _c55043
_d55043